<?xml version="1.0" encoding="UTF-8"?>
<record
    xmlns:xsi="http://www.w3.org/2001/XMLSchema-instance"
    xsi:schemaLocation="http://www.loc.gov/MARC21/slim http://www.loc.gov/standards/marcxml/schema/MARC21slim.xsd"
    xmlns="http://www.loc.gov/MARC21/slim">

  <leader>03626namaa22004211i 4500</leader>
  <controlfield tag="003">EG-GICUC</controlfield>
  <controlfield tag="005">20260311102116.0</controlfield>
  <controlfield tag="008">260301s2025    ua a|||frm||| 000 0 eng d</controlfield>
  <datafield tag="040" ind1=" " ind2=" ">
    <subfield code="a">EG-GICUC</subfield>
    <subfield code="b">eng</subfield>
    <subfield code="c">EG-GICUC</subfield>
    <subfield code="d">EG-GICUC</subfield>
    <subfield code="e">rda</subfield>
  </datafield>
  <datafield tag="041" ind1="0" ind2=" ">
    <subfield code="a">eng</subfield>
    <subfield code="b">eng</subfield>
    <subfield code="b">ara</subfield>
  </datafield>
  <datafield tag="049" ind1=" " ind2=" ">
    <subfield code="a">Deposit</subfield>
  </datafield>
  <datafield tag="082" ind1="0" ind2="4">
    <subfield code="a">670.5</subfield>
  </datafield>
  <datafield tag="092" ind1=" " ind2=" ">
    <subfield code="a">670.5</subfield>
    <subfield code="2">21</subfield>
  </datafield>
  <datafield tag="097" ind1=" " ind2=" ">
    <subfield code="a">Ph.D</subfield>
  </datafield>
  <datafield tag="099" ind1=" " ind2=" ">
    <subfield code="a">Cai01.13.13.Ph.D.2025.Ra.M</subfield>
  </datafield>
  <datafield tag="100" ind1="0" ind2=" ">
    <subfield code="a">Rana Mohamed Abdel Rahman Saleh, </subfield>
    <subfield code="e">preparation.</subfield>
  </datafield>
  <datafield tag="245" ind1="1" ind2="0">
    <subfield code="a">Modeling and analysis of the scheduling, storage, and equipment assignment integrated problem for the improvement of warehouse put-away processes /</subfield>
    <subfield code="c">by Rana Mohamed Abdel Rahman Saleh ; Supervisors Prof. Dr. Tamer F. Abdelmaguid. </subfield>
  </datafield>
  <datafield tag="246" ind1="1" ind2="5">
    <subfield code="a">&#x646;&#x645;&#x630;&#x62C;&#x629; &#x648;&#x62A;&#x62D;&#x644;&#x64A;&#x644; &#x645;&#x634;&#x643;&#x644;&#x629; &#x627;&#x644;&#x62C;&#x62F;&#x648;&#x644;&#x629; &#x648;&#x627;&#x644;&#x62A;&#x62E;&#x632;&#x64A;&#x646; &#x648;&#x62A;&#x639;&#x64A;&#x64A;&#x646; &#x627;&#x644;&#x645;&#x639;&#x62F;&#x627;&#x62A; &#x627;&#x644;&#x645;&#x62A;&#x643;&#x627;&#x645;&#x644;&#x629; &#x644;&#x62A;&#x62D;&#x633;&#x64A;&#x646; &#x639;&#x645;&#x644;&#x64A;&#x627;&#x62A; &#x627;&#x644;&#x625;&#x64A;&#x62F;&#x627;&#x639; &#x641;&#x649; &#x627;&#x644;&#x645;&#x633;&#x62A;&#x648;&#x62F;&#x639;&#x627;&#x62A;</subfield>
  </datafield>
  <datafield tag="264" ind1=" " ind2="0">
    <subfield code="c">2025.</subfield>
  </datafield>
  <datafield tag="300" ind1=" " ind2=" ">
    <subfield code="a">126 pages :</subfield>
    <subfield code="b">illustrations ; </subfield>
    <subfield code="c">30 cm. + </subfield>
    <subfield code="e">CD.</subfield>
  </datafield>
  <datafield tag="336" ind1=" " ind2=" ">
    <subfield code="a">text</subfield>
    <subfield code="2">rda content</subfield>
  </datafield>
  <datafield tag="337" ind1=" " ind2=" ">
    <subfield code="a">Unmediated</subfield>
    <subfield code="2">rdamedia</subfield>
  </datafield>
  <datafield tag="338" ind1=" " ind2=" ">
    <subfield code="a">volume</subfield>
    <subfield code="2">rdacarrier</subfield>
  </datafield>
  <datafield tag="502" ind1=" " ind2=" ">
    <subfield code="a">Thesis (Ph.D)-Cairo University, 2025.</subfield>
  </datafield>
  <datafield tag="504" ind1=" " ind2=" ">
    <subfield code="a">Bibliography: pages 117-126.</subfield>
  </datafield>
  <datafield tag="520" ind1=" " ind2="3">
    <subfield code="a">This study combines put-away operations with parallel machine scheduling in 
dedicated and randomized storage systems, using binary integer nonlinear 
programming models to address constraints like product arrivals and precedence, 
material handling equipment eligibility. It aims to minimize costs and times related to 
transportation, waiting at the Input/Output station, storage, and tardiness, introducing 
new test instances. Due to complexity, metaheuristic techniques are developed, such 
as Discrete Particle Swarm Optimization, Genetic Algorithms, and Non-dominated 
Sorting Genetic Algorithm II.  </subfield>
  </datafield>
  <datafield tag="520" ind1=" " ind2="3">
    <subfield code="a">&#x62A;&#x62C;&#x645;&#x639; &#x647;&#x630;&#x647; &#x627;&#x644;&#x62F;&#x631;&#x627;&#x633;&#x629; &#x628;&#x64A;&#x646; &#x639;&#x645;&#x644;&#x64A;&#x627;&#x62A; &#x627;&#x644;&#x62A;&#x62E;&#x632;&#x64A;&#x646; &#x648;&#x62C;&#x62F;&#x648;&#x644;&#x629; &#x627;&#x644;&#x622;&#x644;&#x627;&#x62A; &#x627;&#x644;&#x645;&#x62A;&#x648;&#x627;&#x632;&#x64A;&#x629; &#x641;&#x64A; &#x623;&#x646;&#x638;&#x645;&#x629; &#x645;&#x62E;&#x635;&#x635;&#x629; &#x648;&#x639;&#x634;&#x648;&#x627;&#x626;&#x64A;&#x629;&#x60C; &#x628;&#x627;&#x633;&#x62A;&#x62E;&#x62F;&#x627;&#x645; &#x646;&#x645;&#x627;&#x630;&#x62C; &#x627;&#x644;&#x628;&#x631;&#x645;&#x62C;&#x629; &#x63A;&#x64A;&#x631; &#x627;&#x644;&#x62E;&#x637;&#x64A;&#x629; &#x62B;&#x646;&#x627;&#x626;&#x64A;&#x629; &#x627;&#x644;&#x623;&#x639;&#x62F;&#x627;&#x62F; &#x627;&#x644;&#x635;&#x62D;&#x64A;&#x62D;&#x629; (BINLP) &#x644;&#x645;&#x639;&#x627;&#x644;&#x62C;&#x629; &#x642;&#x64A;&#x648;&#x62F; &#x645;&#x62B;&#x644; &#x648;&#x635;&#x648;&#x644; &#x627;&#x644;&#x645;&#x646;&#x62A;&#x62C;&#x627;&#x62A; &#x648;&#x623;&#x633;&#x628;&#x642;&#x64A;&#x62A;&#x647;&#x627;&#x60C; &#x648;&#x623;&#x647;&#x644;&#x64A;&#x629; &#x627;&#x644;&#x645;&#x639;&#x62F;&#x627;&#x62A; &#x627;&#x644;&#x637;&#x628;&#x64A;&#x629; &#x639;&#x627;&#x644;&#x64A;&#x629; &#x627;&#x644;&#x623;&#x62F;&#x627;&#x621; (MHE)&#x60C; &#x628;&#x627;&#x644;&#x625;&#x636;&#x627;&#x641;&#x629; &#x625;&#x644;&#x649; &#x62A;&#x643;&#x627;&#x644;&#x64A;&#x641; &#x627;&#x644;&#x645;&#x646;&#x627;&#x648;&#x644;&#x629;. &#x62A;&#x647;&#x62F;&#x641; &#x627;&#x644;&#x62F;&#x631;&#x627;&#x633;&#x629; &#x625;&#x644;&#x649; &#x62A;&#x642;&#x644;&#x64A;&#x644; &#x627;&#x644;&#x62A;&#x643;&#x627;&#x644;&#x64A;&#x641; &#x648;&#x627;&#x644;&#x623;&#x648;&#x642;&#x627;&#x62A; &#x627;&#x644;&#x645;&#x62A;&#x639;&#x644;&#x642;&#x629; &#x628;&#x627;&#x644;&#x646;&#x642;&#x644;&#x60C; &#x648;&#x627;&#x644;&#x627;&#x646;&#x62A;&#x638;&#x627;&#x631; &#x641;&#x64A; &#x645;&#x62D;&#x637;&#x629; &#x627;&#x644;&#x625;&#x62F;&#x62E;&#x627;&#x644;/&#x627;&#x644;&#x625;&#x62E;&#x631;&#x627;&#x62C;&#x60C; &#x648;&#x627;&#x644;&#x62A;&#x62E;&#x632;&#x64A;&#x646;&#x60C; &#x648;&#x627;&#x644;&#x62A;&#x623;&#x62E;&#x64A;&#x631;&#x60C; &#x645;&#x646; &#x62E;&#x644;&#x627;&#x644; &#x637;&#x631;&#x62D; &#x646;&#x645;&#x627;&#x630;&#x62C; &#x627;&#x62E;&#x62A;&#x628;&#x627;&#x631; &#x62C;&#x62F;&#x64A;&#x62F;&#x629;. &#x648;&#x646;&#x638;&#x631;&#x64B;&#x627; &#x644;&#x644;&#x62A;&#x639;&#x642;&#x64A;&#x62F;&#x60C; &#x637;&#x64F;&#x648;&#x651;&#x631;&#x62A; &#x62A;&#x642;&#x646;&#x64A;&#x627;&#x62A; &#x627;&#x633;&#x62A;&#x62F;&#x644;&#x627;&#x644;&#x64A;&#x629; &#x645;&#x62B;&#x644; &#x62A;&#x62D;&#x633;&#x64A;&#x646; &#x623;&#x633;&#x631;&#x627;&#x628; &#x627;&#x644;&#x62C;&#x633;&#x64A;&#x645;&#x627;&#x62A; &#x627;&#x644;&#x645;&#x646;&#x641;&#x635;&#x644;&#x629;&#x60C; &#x648;&#x627;&#x644;&#x62E;&#x648;&#x627;&#x631;&#x632;&#x645;&#x64A;&#x629; &#x627;&#x644;&#x62C;&#x64A;&#x646;&#x64A;&#x629;&#x60C; &#x648;&#x62E;&#x648;&#x627;&#x631;&#x632;&#x645;&#x64A;&#x629; &#x627;&#x644;&#x62A;&#x631;&#x62A;&#x64A;&#x628; &#x63A;&#x64A;&#x631; &#x627;&#x644;&#x645;&#x633;&#x64A;&#x637;&#x631; &#x627;&#x644;&#x62C;&#x64A;&#x646;&#x64A;&#x629; II.</subfield>
  </datafield>
  <datafield tag="530" ind1=" " ind2=" ">
    <subfield code="a">Issues also as CD.</subfield>
  </datafield>
  <datafield tag="546" ind1=" " ind2=" ">
    <subfield code="a">Text in English and abstract in Arabic &amp; English.</subfield>
  </datafield>
  <datafield tag="650" ind1=" " ind2="0">
    <subfield code="a">Mechanical engineering</subfield>
  </datafield>
  <datafield tag="650" ind1=" " ind2="0">
    <subfield code="a">&#x627;&#x644;&#x647;&#x646;&#x62F;&#x633;&#x629; &#x627;&#x644;&#x645;&#x64A;&#x643;&#x627;&#x646;&#x64A;&#x643;&#x64A;&#x629; </subfield>
  </datafield>
  <datafield tag="653" ind1=" " ind2="1">
    <subfield code="a">Put-away Process</subfield>
    <subfield code="a">Unrelated Parallel Machine Scheduling</subfield>
    <subfield code="a">Storage Policies</subfield>
    <subfield code="a">Discrete  Particle Swarm Optimization</subfield>
    <subfield code="a">Genetic Algorithms</subfield>
    <subfield code="a">&#x627;&#x644;&#x625;&#x64A;&#x62F;&#x627;&#x639; </subfield>
    <subfield code="a">&#x62C;&#x62F;&#x648;&#x644;&#x629; &#x627;&#x644;&#x622;&#x644;&#x627;&#x62A; &#x627;&#x644;&#x645;&#x62A;&#x648;&#x627;&#x632;&#x64A;&#x629; &#x63A;&#x64A;&#x631; &#x627;&#x644;&#x645;&#x62A;&#x62C;&#x627;&#x646;&#x633;&#x629;</subfield>
  </datafield>
  <datafield tag="700" ind1="0" ind2=" ">
    <subfield code="a">Tamer F. Abdelmaguid</subfield>
    <subfield code="e">thesis advisor.</subfield>
  </datafield>
  <datafield tag="900" ind1=" " ind2=" ">
    <subfield code="b">01-01-2025</subfield>
    <subfield code="c">Tamer F. Abdelmaguid</subfield>
    <subfield code="d">Mohamed Hassan Gadallah</subfield>
    <subfield code="d">Sherif Adel Fahmy</subfield>
    <subfield code="U">Cairo University</subfield>
    <subfield code="F">Faculty of Engineering </subfield>
    <subfield code="D">Department of Mechanical Design and Production Engineering </subfield>
  </datafield>
  <datafield tag="905" ind1=" " ind2=" ">
    <subfield code="a">Shimaa</subfield>
    <subfield code="e">Eman Ghareb</subfield>
  </datafield>
  <datafield tag="942" ind1=" " ind2=" ">
    <subfield code="2">ddc</subfield>
    <subfield code="c">TH</subfield>
    <subfield code="e">21</subfield>
    <subfield code="n">0</subfield>
  </datafield>
  <datafield tag="999" ind1=" " ind2=" ">
    <subfield code="c">178776</subfield>
  </datafield>
  <datafield tag="952" ind1=" " ind2=" ">
    <subfield code="2">ddc</subfield>
    <subfield code="9">315359</subfield>
    <subfield code="a">CUCL</subfield>
    <subfield code="b">cl210</subfield>
    <subfield code="d">2026-03-01</subfield>
    <subfield code="i">93467</subfield>
    <subfield code="o">Cai01.13.13.Ph.D.2025.Ra.M</subfield>
    <subfield code="p">01010110093467000</subfield>
    <subfield code="r">2026-03-01 19:29:55</subfield>
    <subfield code="w">2026-03-01</subfield>
    <subfield code="y">TH</subfield>
  </datafield>
</record>
